000 00509cam a2200193ua 4500
001 1494
008 111126n xxk |||gr||||Z||||||eng
040 _cMAIN
082 _a330.942
100 _aBriggs, Milton,
_eAuthor.
245 1 _aEconomic history of england
_cby Milton Briggs
250 _a12th.
260 _aLondon:
_bUniversity tutorial press ltd,967.
300 _a732p:
_c23cm.
653 _aEconomics
653 _aeconomic history of england
700 _aJordan, Percy,
_eAuthor.
942 _cBK
999 _c1383
_d1383